000 00455nam a2200181Ia 4500
001 9170
005 20260306160703.0
008 260306t2005||||xx |||||||||||||| ||spa||
041 _aESP
082 _a374.025
_bP48 V. 1
100 _aThomson Peterson's
_eAUT
245 0 _aPetersons graduate & professional programs an overview
260 _c2005
300 _a1336 páginas :
_c28 cm.
650 _aGEN
654 _aCED
942 _cLIB
_dJUS
_fJUS
_2ddc
_n
999 _c9170
_d9170